Cervantes y su concepto del arte. Vol. 2

Gespeichert in:
Bibliographische Detailangaben
1. Verfasser: Percas de Posenti, Helena
Format: Buch
Sprache:Undetermined
Veröffentlicht: Madrid, España Gredos 1975
Schlagworte:
Tags: Tag hinzufügen
Keine Tags, Fügen Sie den ersten Tag hinzu!

MARC

LEADER 00000nam a2200000Ia 4500
008 170316s9999 xx 000 0 und d
040 |a cru BVZT 
090 |a 862 P-10c v.2 
100 |a Percas de Posenti, Helena 
245 |a Cervantes y su concepto del arte. Vol. 2 
260 |a Madrid, España 
260 |b Gredos 
260 |c 1975 
300 |a 690 páginas Vol. 2 
650 |a LITERATURA ESPAÑOLA 
999 |c 10262  |d 10262 
942 |c 15 D  |h 862 P-10c v.2  |2 z